Piesne naše piesne šiesty ročník okresnej speváckej súťaže zaujal

Bibliographic Details
Main Author: Lacová-Hupcej, Miroslava (Author)
Format: Article
Language:Slovak
PhysicalDescription:Fotogr.
ISSN:1336-4030
Subjects:
Online Access:www.vecernik.po.sk

MARC

LEADER 00000nab a2200000 a 4500
001 vtls008963930
003 SK-MaSNL
005 20260303124427.0
008 070413c20070206xo dr n 000 00slo
038 |a SVKPOCL 
040 |a SVKPOCL  |b slo  |c AACR2  |e AACR2 
041 |a slo 
044 |a xo  |c SK 
080 |a 784.4:06.063  |2 2001 
080 |a 784.4.079  |2 2001 
100 1 |a Lacová-Hupcej, Miroslava  |4 aut  |9 274349 
245 1 0 |a Piesne naše piesne  |b šiesty ročník okresnej speváckej súťaže zaujal  |c Miroslava Lacová-Hupcej 
300 |a Fotogr. 
610 2 7 |a ABC (centrum voľného času : Prešov, Slovensko)  |2 svkpocl  |9 57102 
611 2 7 |a Piesne naše piesne  |n (6. :  |d 2007 :  |c Prešov, Slovensko)  |2 svkpocl  |9 1141567 
650 0 7 |a ľudové piesne  |2 svkpocl  |9 1941 
650 0 7 |a spevácke súťaže  |2 svkpocl  |9 72693 
651 7 |a Prešov (Slovensko)  |2 svkpocl  |9 17347 
773 0 |t Prešovský večerník  |g Roč. XVIII, č. 4132 (6.2.2007), s. 6  |x 1336-4030 
852 |a SVKPO  |b KIS3GCP 
856 4 1 |u www.vecernik.po.sk 
958 |a RG 
999 |c 1930321  |d 1932251